000 00327nam a22001457a 4500
005 20160622155242.0
008 160622b xxu||||| |||| 00| 0 eng d
041 _aeng
082 _b9251
100 _aRobbins and Stephen P
_92524
245 _aOrganization Design
300 _a243
650 _aManagement
_9241
942 _cBK
999 _c3587
_d3586